[Event "ICS rated standard match"]
[Site "204.178.125.65"]
[Date "2001.08.15"]
[Round "?"]
[White "Hossa"]
[Black "PostModernist"]
[Result "1-0"]
[WhiteElo "2249"]
[BlackElo "2500"]
[PlyCount "133"]
[EventDate "2001.??.??"]

1. e4 c5 2. Nf3 Nc6 3. Bb5 e6 4. O-O Nge7 5. c3 a6 6. Bxc6 Nxc6 7. d4 cxd4 8.
cxd4 d5 9. Bg5 f6 10. exd5 exd5 11. Bf4 Bb4 12. a3 Be7 13. Nc3 g5 14. Be3 O-O
15. Re1 Qd6 16. Rc1 b5 17. Qc2 Bd7 18. b4 Rfe8 19. Qd3 Rac8 20. Nd2 Bd8 21. Ne2
a5 22. Nc3 Na7 23. Nf3 Rc4 24. bxa5 Qxa3 25. Nd2 Rc6 26. Qf1 Rxc3 27. Nb1 Rcxe3
28. Nxa3 Rxa3 29. Rxe8+ Bxe8 30. Qe1 Kf7 31. Qb4 Be7 32. Qb1 Kg8 33. Qf5 Rxa5
34. Qe6+ Kf8 35. g3 b4 36. Rc7 Nc6 37. Rxc6 Bxc6 38. Qxc6 Kf7 39. Kg2 h6 40.
Qd7 Kf8 41. Qh3 Kg7 42. Qg4 h5 43. Qe2 Bf8 44. Qc2 Ra7 45. Qc6 b3 46. Qb5 Ra3
47. Qb7+ Kh6 48. Qxd5 Kg7 49. h4 gxh4 50. gxh4 Be7 51. Qxh5 Ra1 52. Qb5 Ra3 53.
h5 Bf8 54. Qd7+ Kh8 55. Qf7 Ra8 56. Qxb3 Bh6 57. d5 Bf4 58. Qb6 Rg8+ 59. Kf3
Bg5 60. d6 f5 61. d7 Kh7 62. Qc5 Bd8 63. Qxf5+ Kh8 64. Qe5+ Kh7 65. Qe4+ Kh8
66. h6 Rg5 67. Qe8+ {PostModernist resigns} 1-0

[Event "ICS rated standard match"]
[Site "204.178.125.65"]
[Date "2001.08.15"]
[Round "?"]
[White "PostModernist"]
[Black "Hossa"]
[Result "1-0"]
[WhiteElo "2474"]
[BlackElo "2275"]
[PlyCount "93"]
[EventDate "2001.??.??"]

1. d4 Nf6 2. c4 e6 3. Nf3 b6 4. Bf4 Bb7 5. e3 Be7 6. h3 Na6 7. Nc3 O-O 8. Be2
c5 9. d5 d6 10. e4 Nc7 11. a4 Nfe8 12. g4 Qd7 13. a5 bxa5 14. Rxa5 e5 15. Be3
Na6 16. O-O Bd8 17. Ra1 Rb8 18. Re1 Bc8 19. Qd2 Nf6 20. Bf1 Qe7 21. Bg2 Nb4 22.
g5 Nh5 23. Nh4 g6 24. Nf3 Ba6 25. Qe2 Qd7 26. Ra3 Bc8 27. Rea1 Rb7 28. Qd1 f5
29. exf5 Rxf5 30. Ne4 Be7 31. Nh2 Nf4 32. Bxf4 Rxf4 33. Ng4 Qd8 34. Ngf6+ Bxf6
35. Nxf6+ Kh8 36. Rxa7 Rxc4 37. Be4 Rd4 38. Qe2 Qe7 39. Ra8 Qc7 40. Qg4 Rb8 41.
R1a7 Bb7 42. Qe6 Qd8 43. Qf7 Rd1+ 44. Kh2 Rh1+ 45. Bxh1 Qxf6 46. Rxb8+ Bc8 47.
Qxh7# {Hossa checkmated} 1-0

[Event "ICS rated blitz match"]
[Site "204.178.125.65"]
[Date "2001.08.15"]
[Round "?"]
[White "monsoon"]
[Black "Hossa"]
[Result "0-1"]
[WhiteElo "2616"]
[BlackElo "2489"]
[PlyCount "142"]
[EventDate "2001.??.??"]

1. e4 c5 2. Nf3 d6 3. d4 cxd4 4. Nxd4 Nf6 5. Nc3 g6 6. Be3 Bg7 7. f3 O-O 8. Qd2
Nc6 9. Bc4 Nxd4 10. Bxd4 Qc7 11. Bb3 Qa5 12. O-O Qh5 13. Rad1 Bd7 14. Qf2 b6
15. Nd5 Nxd5 16. Bxg7 Kxg7 17. Rxd5 g5 18. e5 Bc6 19. exd6 Bxd5 20. dxe7 Bxb3
21. Qd4+ f6 22. exf8=Q+ Rxf8 23. cxb3 Qe8 24. f4 g4 25. Kf2 Rf7 26. Re1 Qb5 27.
Qd6 Qa5 28. a3 Qb5 29. Qe6 h5 30. Kg3 Qc5 31. Kh4 Kg6 32. g3 Qc2 33. Re2 Qf5
34. Qxf5+ Kxf5 35. Rd2 Rc7 36. Rd5+ Ke4 37. Rxh5 Kf3 38. Rh6 Rc2 39. Rxf6 Rxh2+
40. Kg5 Rxb2 41. b4 Kxg3 42. f5 Kf3 43. Rc6 g3 44. f6 g2 45. Rc1 Rf2 46. Kh4
Rf1 47. f7 Ke4 48. Rc4+ Kd5 49. Rg4 Rxf7 50. Rxg2 Rh7+ 51. Kg3 Rg7+ 52. Kf3
Rxg2 53. Kxg2 Kc4 54. Kf1 b5 55. Ke2 Kb3 56. Kd3 Kxa3 57. Kc3 Ka4 58. Kd4 Kxb4
59. Kd3 a5 60. Ke4 Kc4 61. Kf5 Kd5 62. Kg6 Ke5 63. Kf7 b4 64. Ke8 b3 65. Kd7 b2
66. Kc6 b1=Q 67. Kc5 Qe4 68. Kb6 Kd6 69. Ka7 Kc7 70. Ka6 Qb4 71. Ka7 Qb7# {
monsoon checkmated} 0-1

[Event "ICS rated blitz match"]
[Site "204.178.125.65"]
[Date "2001.08.15"]
[Round "?"]
[White "Hossa"]
[Black "ChesterX"]
[Result "1/2-1/2"]
[WhiteElo "2511"]
[BlackElo "2763"]
[PlyCount "135"]
[EventDate "2001.??.??"]

1. e4 e5 2. Nf3 Nc6 3. d4 exd4 4. Nxd4 Nf6 5. Nxc6 bxc6 6. e5 Qe7 7. Qe2 Nd5 8.
c4 Nb6 9. Nc3 Qe6 10. Qe4 Ba6 11. b3 Bb4 12. Bd2 Bxc3 13. Bxc3 d5 14. Qf3 dxc4
15. Be2 O-O 16. O-O Bb7 17. Qg3 cxb3 18. Bg4 Qg6 19. axb3 c5 20. Ra5 Rfd8 21.
Rxc5 Rd3 22. Bf3 Qe6 23. Rc1 Bxf3 24. gxf3 Nd5 25. Qg4 Rb8 26. Qe4 Qh6 27. Ba5
Nf4 28. e6 f5 29. Qxf5 Rxf3 30. Qf7+ Kh8 31. Rb5 Ra8 32. Bd2 Ne2+ 33. Kf1 Qh3+
34. Kxe2 Rxf7 35. exf7 Qd7 36. Rbc5 Qxf7 37. Rxc7 Qh5+ 38. Kf1 Rf8 39. Be3 Qxh2
40. Rxa7 Qh1+ 41. Ke2 Qf3+ 42. Ke1 Rd8 43. Rd7 Qh1+ 44. Ke2 Qh5+ 45. Ke1 Qa5+
46. Rd2 h6 47. Rc5 Qa1+ 48. Ke2 Rb8 49. Rc6 Qh1 50. Rdd6 h5 51. Rb6 Rf8 52. Rd7
Qf3+ 53. Kd2 Ra8 54. Rbb7 Ra2+ 55. Kd3 Rxf2 56. Rxg7 Qd5+ 57. Kc3 Qe5+ 58. Bd4
Rf3+ 59. Kc4 Qe6+ 60. Kc5 Rf5+ 61. Kb4 Qd6+ 62. Kc3 Rf3+ 63. Kc4 Qc6+ 64. Kb4
Qd6+ 65. Kc4 Qc6+ 66. Kb4 Qd6+ 67. Kc4 Qc6+ 68. Kb4 {Game drawn by repetition}
1/2-1/2

[Event "ICS rated blitz match"]
[Site "204.178.125.65"]
[Date "2001.08.15"]
[Round "?"]
[White "ChesterX"]
[Black "Hossa"]
[Result "1-0"]
[WhiteElo "2753"]
[BlackElo "2521"]
[PlyCount "100"]
[EventDate "2001.??.??"]

1. e4 c5 2. Nc3 Nc6 3. f4 g6 4. Nf3 Bh6 5. d4 cxd4 6. Nxd4 Bg7 7. Be3 Nh6 8.
Nxc6 bxc6 9. Bd4 Bxd4 10. Qxd4 O-O 11. Be2 d6 12. Qd2 f5 13. O-O-O fxe4 14.
Nxe4 Rb8 15. Nc3 Qa5 16. Bc4+ d5 17. Bb3 Qc7 18. g3 Bg4 19. Rde1 a5 20. h3 Bc8
21. Kb1 e6 22. h4 Rf5 23. Qe2 Nf7 24. h5 g5 25. Rhf1 Rb4 26. a3 Rb8 27. fxg5
Rxg5 28. Rf2 Ne5 29. g4 Nxg4 30. Rg1 e5 31. Nxd5 cxd5 32. Bxd5+ Kg7 33. Rf7+
Qxf7 34. Bxf7 Bf5 35. Qd2 h6 36. Qxa5 Rc8 37. Bb3 Kh7 38. Qb6 Re8 39. a4 Re7
40. a5 Rxh5 41. a6 Rg7 42. Bd5 Rg6 43. Qa7+ Rg7 44. Qxg7+ Kxg7 45. a7 Rh2 46.
a8=Q h5 47. Qg8+ Kh6 48. Qh8+ Kg6 49. Qxe5 Rf2 50. Ka2 Bxc2 {Hossa resigns} 1-0

[Event "ICS rated blitz match"]
[Site "204.178.125.65"]
[Date "2001.08.15"]
[Round "?"]
[White "Hossa"]
[Black "knightmare51"]
[Result "1-0"]
[WhiteElo "2514"]
[BlackElo "2191"]
[PlyCount "49"]
[EventDate "2001.??.??"]

1. e4 e6 2. d4 d5 3. Nc3 Bb4 4. e5 c5 5. Bd2 Ne7 6. a3 Bxc3 7. Bxc3 cxd4 8.
Qxd4 Nbc6 9. Qg4 O-O 10. O-O-O Qc7 11. Nf3 Ng6 12. Bd3 Bd7 13. Bxg6 fxg6 14. h4
Rae8 15. h5 Rf5 16. hxg6 h6 17. Qh3 Ref8 18. Rd3 b5 19. g4 Rf4 20. g5 d4 21.
gxh6 Bc8 22. hxg7 Qxg7 23. Nxd4 Nxe5 24. Nxe6 Nxd3+ 25. cxd3 {
knightmare51 resigns} 1-0

[Event "ICS rated blitz match"]
[Site "204.178.125.65"]
[Date "2001.08.15"]
[Round "?"]
[White "ChesterX"]
[Black "Hossa"]
[Result "1-0"]
[WhiteElo "2760"]
[BlackElo "2518"]
[PlyCount "139"]
[EventDate "2001.??.??"]

1. d4 Nf6 2. Nf3 e6 3. c4 c5 4. d5 d6 5. Nc3 exd5 6. cxd5 g6 7. g3 Bg7 8. Bg2
O-O 9. O-O Na6 10. Nd2 Nc7 11. Nc4 Re8 12. Bf4 Bf8 13. Qb3 b6 14. e4 Ba6 15.
Rfd1 Qd7 16. Re1 Nh5 17. Bd2 Bg7 18. Rac1 b5 19. Ne3 Nf6 20. Qc2 b4 21. Ne2
Bxe2 22. Rxe2 Nb5 23. Qd3 Nd4 24. Ree1 Qe7 25. Nc2 Ng4 26. Bf4 Nxc2 27. Rxc2
Qd7 28. Qa6 Ne5 29. Rcc1 Rab8 30. Re3 c4 31. Bxe5 Bxe5 32. Rxc4 Bxb2 33. Rb3
Rb6 34. Qa5 Ba3 35. Re3 Re5 36. Re2 Re8 37. Bf3 f6 38. Rec2 b3 39. axb3 Rxb3
40. Rc7 Qb5 41. Qxb5 Rxb5 42. Rxa7 Bc5 43. Rc7 Rb1+ 44. Kg2 Reb8 45. Bg4 R8b2
46. Be6+ Kh8 47. R2xc5 dxc5 48. Rc8+ Kg7 49. d6 Rd2 50. d7 Rb7 51. d8=Q Rxd8
52. Rxd8 Rc7 53. Bc4 Kh6 54. h4 Re7 55. Kf3 Rc7 56. Ke3 Ra7 57. Rc8 Ra5 58. Kf4
Kg7 59. Rc7+ Kh8 60. e5 Ra4 61. Rc8+ Kg7 62. Rg8+ Kh6 63. exf6 Rxc4+ 64. Kf3
Kh5 65. f7 h6 66. f8=Q Rc3+ 67. Kg2 Rd3 68. Qxc5+ Rd5 69. Kh3 Rxc5 70. g4# {
Hossa checkmated} 1-0

[Event "ICS rated blitz match"]
[Site "204.178.125.65"]
[Date "2001.08.15"]
[Round "?"]
[White "Hossa"]
[Black "Cambridge"]
[Result "1-0"]
[WhiteElo "2512"]
[BlackElo "2030"]
[PlyCount "85"]
[EventDate "2001.??.??"]

1. e4 c5 2. Nc3 d6 3. g3 Nf6 4. Nge2 g6 5. Bg2 Bg7 6. d3 Nc6 7. O-O e6 8. f4
O-O 9. Bd2 a6 10. Bf3 Qc7 11. Be3 b5 12. e5 dxe5 13. Bxc5 exf4 14. Bxf8 Bxf8
15. Nxf4 Bb7 16. d4 Rd8 17. Qc1 Nxd4 18. Bxb7 Qxb7 19. Ng2 b4 20. Qf4 Nh5 21.
Qh4 Be7 22. Qe4 Qxe4 23. Nxe4 f5 24. c3 bxc3 25. Nxc3 Bc5 26. Kh1 e5 27. Ne3 f4
28. Ne4 fxe3 29. Nxc5 e2 30. Rfc1 Nf3 31. Kg2 e1=Q 32. Rxe1 Nxe1+ 33. Rxe1 Rd2+
34. Kh3 Rxb2 35. a4 Kf7 36. Nd3 Ra2 37. Nxe5+ Kf8 38. Re4 Nf6 39. Rd4 Kg7 40.
Rc4 Kh6 41. Rc6 Nh5 42. Ng4+ Kg5 43. Rc5# {Cambridge checkmated} 1-0

[Event "ICS rated blitz match"]
[Site "204.178.125.65"]
[Date "2001.08.15"]
[Round "?"]
[White "Hossa"]
[Black "QuarkX"]
[Result "1/2-1/2"]
[WhiteElo "2514"]
[BlackElo "2634"]
[PlyCount "207"]
[EventDate "2001.??.??"]

1. d4 Nf6 2. c4 g6 3. Nc3 Bg7 4. e4 d6 5. h3 O-O 6. Bg5 c5 7. dxc5 dxc5 8. Qxd8
Rxd8 9. e5 Nfd7 10. Bxe7 Re8 11. Nd5 Nc6 12. Nc7 Rxe7 13. Nxa8 Ndxe5 14. O-O-O
Bh6+ 15. Kc2 b6 16. b3 Bb7 17. Nxb6 axb6 18. a3 Nd4+ 19. Kb2 f5 20. h4 Ng4 21.
Nh3 Bg7 22. Ka2 Bxg2 23. Bxg2 Re2+ 24. Kb1 Nxb3 25. Rd8+ Kf7 26. Rd7+ Kf8 27.
Rxg7 Kxg7 28. Bd5 Ne5 29. Rd1 Nd2+ 30. Kc1 Ndxc4 31. Bxc4 Nxc4 32. Rd7+ Kg8 33.
a4 Re1+ 34. Kc2 Re4 35. Ng5 Rxh4 36. f4 Ne3+ 37. Kc3 Ng2 38. Rd8+ Kg7 39. Rd7+
Kf8 40. Nxh7+ Kg8 41. Nf6+ Kh8 42. Nd5 Nxf4 43. Nxb6 Ne2+ 44. Kd3 Rb4 45. a5
Nf4+ 46. Kc3 g5 47. Rc7 Ne2+ 48. Kd3 Nc1+ 49. Kc2 Nb3 50. Kc3 Nxa5 51. Rxc5
Rxb6 52. Rxf5 Rb3+ 53. Kc2 Nc6 54. Rxg5 Nd4+ 55. Kc1 Kh7 56. Rh5+ Kg6 57. Rh4
Rd3 58. Rg4+ Kf5 59. Rg7 Rh3 60. Rf7+ Ke4 61. Re7+ Kd3 62. Kb2 Rh1 63. Rd7 Rg1
64. Rd8 Rg7 65. Rd6 Rg2+ 66. Kc1 Kc3 67. Kb1 Rb2+ 68. Kc1 Rh2 69. Kb1 Rg2 70.
Rd7 Rb2+ 71. Kc1 Rf2 72. Rc7+ Kd3 73. Re7 Rc2+ 74. Kb1 Rh2 75. Rd7 Re2 76. Rd8
Rf2 77. Re8 Rg2 78. Kc1 Rh2 79. Kd1 Rd2+ 80. Ke1 Nc2+ 81. Kf1 Ne3+ 82. Kg1 Rg2+
83. Kh1 Rc2 84. Rd8+ Ke4 85. Kg1 Rg2+ 86. Kh1 Rb2 87. Rf8 Ke5 88. Re8+ Kf4 89.
Kg1 Rg2+ 90. Kh1 Ra2 91. Kg1 Kf3 92. Rf8+ Ke4 93. Rf7 Rg2+ 94. Kh1 Rc2 95. Rf8
Ra2 96. Kg1 Rg2+ 97. Kh1 Rb2 98. Rh8 Nf5 99. Re8+ Kf4 100. Kg1 Kg4 101. Rg8+
Kf3 102. Rf8 Rb5 103. Rf7 Ke4 104. Kg2 {Game drawn by the 50 move rule} 1/2-1/2

[Event "ICS rated blitz match"]
[Site "204.178.125.65"]
[Date "2001.08.15"]
[Round "?"]
[White "Gigabit"]
[Black "Hossa"]
[Result "1-0"]
[WhiteElo "2323"]
[BlackElo "2519"]
[PlyCount "121"]
[EventDate "2001.??.??"]

1. c4 c6 2. Nc3 d5 3. d4 dxc4 4. Nf3 b5 5. g3 b4 6. Ne4 Qd5 7. Nc5 Bg4 8. e4
Bxf3 9. Qxf3 Qxd4 10. Be3 Qxb2 11. Rc1 e6 12. Rxc4 Qxa2 13. Be2 Bxc5 14. Rxc5
Nf6 15. O-O Nbd7 16. Rxc6 Ne5 17. Qf4 Nxc6 18. Bb5 O-O 19. Bxc6 Rac8 20. Bb7
Rc4 21. Qe5 b3 22. Bg5 b2 23. Bxf6 b1=Q 24. Qg5 g6 25. Qh6 Qxf1+ 26. Kxf1 Qa1+
27. Bxa1 f6 28. Ba6 Ra4 29. Bc3 Rxa6 30. g4 Ra2 31. g5 e5 32. gxf6 Rxf6 33. Qh4
Rfxf2+ 34. Qxf2 Rxf2+ 35. Kxf2 Kf7 36. Ke3 Ke6 37. Kd3 h5 38. Bd2 a6 39. Kc4
Kd6 40. Kb4 h4 41. Be3 Kc6 42. Ka5 h3 43. Bf2 Kc7 44. Kxa6 Kc6 45. Ka5 Kd6 46.
Kb5 g5 47. Kc4 Kc6 48. Bg3 Kd6 49. Kb5 Kd7 50. Kc5 Ke6 51. Kc6 Kf6 52. Kd5 Kf7
53. Kxe5 Kg6 54. Ke6 Kh5 55. Kf5 Kh6 56. e5 Kh5 57. e6 Kh6 58. e7 Kg7 59. e8=Q
Kh7 60. Qg6+ Kh8 61. Be5# {Hossa checkmated} 1-0

[Event "ICS rated blitz match"]
[Site "204.178.125.65"]
[Date "2001.08.15"]
[Round "?"]
[White "Hossa"]
[Black "autoplayer"]
[Result "0-1"]
[WhiteElo "2520"]
[BlackElo "2467"]
[PlyCount "122"]
[EventDate "2001.??.??"]

1. d4 d5 2. c4 e6 3. cxd5 exd5 4. Nc3 Nf6 5. Bg5 Be7 6. e3 c6 7. Bd3 Nbd7 8.
Nf3 O-O 9. O-O Re8 10. Qc2 Nf8 11. Bh4 Ng6 12. Bg3 Nh5 13. Be5 Bg4 14. Ne1 Nxe5
15. Bxh7+ Kh8 16. dxe5 g6 17. Bxg6 fxg6 18. Qxg6 Bg5 19. f4 Rg8 20. Qd3 Bh6 21.
Nc2 Qe7 22. Nd4 Raf8 23. Rae1 Bh3 24. Rf2 Bxg2 25. Rxg2 Qh4 26. Ree2 Rxg2+ 27.
Rxg2 Qe1+ 28. Qf1 Qxe3+ 29. Qf2 Qc1+ 30. Qf1 Qxf1+ 31. Kxf1 Rxf4+ 32. Rf2 Rxd4
33. e6 Rf4 34. e7 Ng7 35. h4 Kg8 36. Rxf4 Bxf4 37. Kf2 Kf7 38. Kf3 Be5 39. Kg4
Kxe7 40. h5 Bxc3 41. bxc3 Nxh5 42. Kxh5 Kd6 43. Kg5 Kc5 44. Kf4 Kc4 45. Ke5 b5
46. Kd6 c5 47. Ke5 b4 48. Kf4 Kxc3 49. Ke5 Kc4 50. Kf4 Kd4 51. Kf3 a5 52. Ke2
a4 53. Kd2 c4 54. Kc2 b3+ 55. Kd1 Ke3 56. Kc1 a3 57. Kb1 d4 58. Ka1 d3 59. axb3
cxb3 60. Kb1 d2 61. Ka1 d1=Q# {Hossa checkmated} 0-1

[Event "ICS rated blitz match"]
[Site "204.178.125.65"]
[Date "2001.08.15"]
[Round "?"]
[White "autoplayer"]
[Black "Hossa"]
[Result "1-0"]
[WhiteElo "2485"]
[BlackElo "2502"]
[PlyCount "81"]
[EventDate "2001.??.??"]

1. c4 Nf6 2. Nc3 e6 3. Nf3 Bb4 4. d4 O-O 5. e3 Ne4 6. Qc2 f5 7. Bd3 b6 8. Bxe4
fxe4 9. Qxe4 d5 10. cxd5 exd5 11. Qh4 Be7 12. Qg3 Nc6 13. O-O Nb4 14. e4 dxe4
15. Bh6 Bf6 16. Nxe4 Ba6 17. Rfc1 c5 18. Nxf6+ Qxf6 19. Bg5 Qe6 20. Re1 Qf5 21.
Re5 Qc2 22. Re7 Rfe8 23. Rc7 Qxb2 24. Rxg7+ Kf8 25. Qf4+ Kxg7 26. Bf6+ Kg8 27.
Qg5+ Kf7 28. Qg7+ Ke6 29. d5+ Kd6 30. Bxb2 Nd3 31. Rd1 Nxb2 32. Qh6+ Kd7 33.
Qc6+ Ke7 34. Ng5 Bd3 35. Re1+ Kf8 36. Qf6+ Kg8 37. Rxe8+ Rxe8 38. Qf7+ Kh8 39.
Ne6 Rg8 40. Qf6+ Rg7 41. Qxg7# {Hossa checkmated} 1-0

[Event "ICS rated blitz match"]
[Site "204.178.125.65"]
[Date "2001.08.15"]
[Round "?"]
[White "Hossa"]
[Black "autoplayer"]
[Result "0-1"]
[WhiteElo "2485"]
[BlackElo "2502"]
[PlyCount "85"]
[EventDate "2001.??.??"]

1. e4 c5 2. Nc3 Nc6 3. f4 g6 4. Nf3 Bg7 5. Bc4 d6 6. O-O e6 7. Bb5 Bd7 8. d3
Qb6 9. e5 Nge7 10. Ne4 Nf5 11. g4 d5 12. gxf5 dxe4 13. f6 c4+ 14. Kh1 Bf8 15.
Bxc6 Bxc6 16. dxe4 Bxe4 17. Qe2 Bd5 18. b3 Bc5 19. Bd2 O-O-O 20. Rac1 Rd7 21.
Rcd1 Rhd8 22. b4 Bxb4 23. Be3 Qa5 24. Rb1 Bc3 25. a4 Qxa4 26. Bc5 Bc6 27. Bd6
Rxd6 28. exd6 Rxd6 29. Kg1 Bxf6 30. Rf2 c3 31. Qe3 Qa2 32. Rff1 Qxc2 33. Rbc1
Qb2 34. Qf2 Rd3 35. Rc2 Rxf3 36. Rxb2 cxb2 37. Qxa7 Rxf1+ 38. Kxf1 b1=Q+ 39.
Ke2 Qc2+ 40. Ke3 Qb3+ 41. Kd2 Bc3+ 42. Kd3 Bb4+ 43. Ke2 {Hossa resigns} 0-1

[Event "ICS rated blitz match"]
[Site "204.178.125.65"]
[Date "2001.08.15"]
[Round "?"]
[White "lakatos31"]
[Black "Hossa"]
[Result "0-1"]
[WhiteElo "2100"]
[BlackElo "2470"]
[PlyCount "50"]
[EventDate "2001.??.??"]

1. e4 c5 2. Nf3 d6 3. d4 cxd4 4. Nxd4 Nf6 5. Nc3 g6 6. Be3 Bg7 7. f3 O-O 8. Qd2
Nc6 9. O-O-O d5 10. exd5 Nxd5 11. Nxd5 Qxd5 12. Nxc6 Qxc6 13. Qb4 Bf5 14. c3
Qe6 15. Bf4 Qxa2 16. Bd3 Bxd3 17. Rhe1 Rad8 18. Kd2 a5 19. Qb6 Bxc3+ 20. Kxc3
Qc4+ 21. Kd2 Bf1+ 22. Ke3 Rxd1 23. Rxd1 Qe2+ 24. Kd4 Qxd1+ 25. Kc3 Qd3# {
lakatos31 checkmated} 0-1

[Event "ICS rated blitz match"]
[Site "204.178.125.65"]
[Date "2001.08.15"]
[Round "?"]
[White "Hossa"]
[Black "nyul"]
[Result "1-0"]
[WhiteElo "2470"]
[BlackElo "2051"]
[PlyCount "65"]
[EventDate "2001.??.??"]

1. e4 e5 2. Nf3 Nc6 3. d4 exd4 4. Nxd4 Nxd4 5. Qxd4 Qf6 6. e5 Qb6 7. Qxb6 axb6
8. Nc3 Bb4 9. Bd2 Bxc3 10. Bxc3 Ne7 11. Bc4 O-O 12. f4 Nc6 13. Kf2 Na5 14. Bd5
c6 15. Bf3 f6 16. b3 fxe5 17. Bxe5 d5 18. c4 Be6 19. Rhd1 Rad8 20. Bc7 Ra8 21.
Re1 Bf7 22. Bxb6 dxc4 23. b4 Nb3 24. axb3 cxb3 25. Rxa8 Rxa8 26. Kg3 h6 27. Bd4
Ra4 28. Bc3 Ra2 29. Rd1 Rc2 30. Rd8+ Kh7 31. Be4+ Bg6 32. Bxc2 Bxc2 33. Rd7 {
nyul resigns} 1-0

[Event "ICS rated blitz match"]
[Site "204.178.125.65"]
[Date "2001.08.15"]
[Round "?"]
[White "nyul"]
[Black "Hossa"]
[Result "0-1"]
[WhiteElo "2048"]
[BlackElo "2473"]
[PlyCount "64"]
[EventDate "2001.??.??"]

1. e4 c5 2. c4 Nc6 3. d3 g6 4. Nc3 Bg7 5. Nf3 d6 6. Be2 Nf6 7. h3 Qb6 8. Rb1
O-O 9. Be3 e5 10. Qd2 Nd4 11. Bd1 Bd7 12. Bh6 Qd8 13. O-O Re8 14. b3 Rb8 15. a4
Qe7 16. Bxg7 Kxg7 17. Nh2 Ne6 18. g3 Nd4 19. Kg2 Qe6 20. g4 h5 21. f4 hxg4 22.
Nxg4 Nxg4 23. Bxg4 f5 24. exf5 gxf5 25. Bf3 Qh6 26. Kh2 Qxf4+ 27. Qxf4 exf4 28.
Rg1+ Kh6 29. Bd5 Re3 30. Bf7 Nf3+ 31. Kh1 Nxg1 32. Rxg1 Rxh3+ {nyul resigns}
0-1

[Event "ICS rated blitz match"]
[Site "204.178.125.65"]
[Date "2001.08.15"]
[Round "?"]
[White "Hossa"]
[Black "nyul"]
[Result "1-0"]
[WhiteElo "2476"]
[BlackElo "2045"]
[PlyCount "33"]
[EventDate "2001.??.??"]

1. c4 e5 2. Nf3 d6 3. d4 e4 4. Ng5 Nf6 5. Nc3 Bf5 6. f3 exf3 7. gxf3 Nc6 8. e4
Bg6 9. Be3 Be7 10. Rg1 h6 11. Ne6 fxe6 12. Rxg6 Kf7 13. Rg1 Nh5 14. d5 Bh4+ 15.
Ke2 exd5 16. Qxd5+ Kf8 17. Qxh5 {nyul resigns} 1-0

[Event "ICS rated blitz match"]
[Site "204.178.125.65"]
[Date "2001.08.15"]
[Round "?"]
[White "Hossa"]
[Black "shally"]
[Result "1-0"]
[WhiteElo "2487"]
[BlackElo "2189"]
[PlyCount "63"]
[EventDate "2001.??.??"]

1. d4 Nf6 2. c4 c5 3. d5 e6 4. Nc3 exd5 5. cxd5 d6 6. e4 g6 7. Bd3 Bg7 8. Nge2
O-O 9. O-O a6 10. Bg5 b5 11. Qd2 c4 12. Bc2 Nbd7 13. Nd4 Qc7 14. Nc6 Nc5 15.
Qf4 Nfd7 16. Be7 Re8 17. Bxd6 Qb6 18. Ne7+ Kh8 19. Qxf7 Rf8 20. Nxg6+ hxg6 21.
Bxf8 Nxf8 22. e5 Bf5 23. Bxf5 gxf5 24. Qxf5 Re8 25. Qh5+ Kg8 26. Qxe8 Nd3 27.
e6 Kh7 28. Qh5+ Bh6 29. e7 Ng6 30. e8=Q Qf6 31. Ne4 Qg7 32. Ng5# {
shally checkmated} 1-0

[Event "ICS rated blitz match"]
[Site "204.178.125.65"]
[Date "2001.08.16"]
[Round "?"]
[White "Hossa"]
[Black "AlperEfe"]
[Result "1-0"]
[WhiteElo "2492"]
[BlackElo "2102"]
[PlyCount "121"]
[EventDate "2001.??.??"]

1. c4 Nf6 2. Nc3 d6 3. d4 g6 4. e4 Bg7 5. Nf3 O-O 6. Bd3 c5 7. d5 e6 8. O-O
exd5 9. exd5 a6 10. Re1 Bg4 11. h3 Bxf3 12. Qxf3 Nbd7 13. Bf4 Qc7 14. Qg3 Ne8
15. Bg5 Be5 16. Qh4 f6 17. Bh6 Rf7 18. Re3 Ng7 19. Bxg7 Kxg7 20. Re2 b6 21.
Rae1 Raf8 22. Ne4 h6 23. f4 Bd4+ 24. Nf2 b5 25. cxb5 c4 26. Bb1 axb5 27. f5 Ne5
28. Qxd4 g5 29. Ne4 h5 30. h4 g4 31. Ng3 Rh8 32. Nxh5+ Rxh5 33. Rxe5 fxe5 34.
Qxg4+ Kf8 35. Qxh5 Qc5+ 36. Kh2 Qf2 37. Qh6+ Ke8 38. Rd1 b4 39. Qxd6 Qf4+ 40.
Kh3 c3 41. Qc6+ Kf8 42. Qc5+ Kg7 43. bxc3 bxc3 44. Qxc3 Rf6 45. g4 Rf7 46. g5
Rxf5 47. Bxf5 Qxf5+ 48. Kg2 Qg4+ 49. Kf2 Qxd1 50. Qxe5+ Kf7 51. Qe6+ Kf8 52.
Qd6+ Ke8 53. Qc6+ Kf8 54. Qf6+ Ke8 55. Qf3 Qd2+ 56. Qe2+ Qxe2+ 57. Kxe2 Kd7 58.
g6 Kd6 59. g7 Kxd5 60. g8=B+ Kc5 61. Ke3 {AlperEfe resigns} 1-0

[Event "ICS rated blitz match"]
[Site "204.178.125.65"]
[Date "2001.08.16"]
[Round "?"]
[White "Hossa"]
[Black "baresi"]
[Result "1-0"]
[WhiteElo "2499"]
[BlackElo "2099"]
[PlyCount "25"]
[EventDate "2001.??.??"]

1. d4 d5 2. c4 dxc4 3. e3 Nf6 4. Bxc4 e6 5. Nf3 Be7 6. Nc3 O-O 7. O-O b6 8. e4
Bb7 9. Re1 Nbd7 10. Bf4 c5 11. d5 exd5 12. exd5 a6 13. d6 {baresi resigns} 1-0

[Event "ICS rated blitz match"]
[Site "204.178.125.65"]
[Date "2001.08.16"]
[Round "?"]
[White "postalex"]
[Black "Hossa"]
[Result "0-1"]
[WhiteElo "2057"]
[BlackElo "2505"]
[PlyCount "124"]
[EventDate "2001.??.??"]

1. e4 c5 2. Nf3 d6 3. d4 cxd4 4. Nxd4 Nf6 5. Nc3 a6 6. Bc4 e6 7. Bb3 Be7 8. f4
O-O 9. Be3 e5 10. Nde2 Ng4 11. Bg1 exf4 12. Nxf4 Ne5 13. Qe2 Bg4 14. Qe3 Bh4+
15. Bf2 Nbc6 16. h3 Be6 17. O-O-O Bxf2 18. Qxf2 Bxb3 19. axb3 Nb4 20. Nfd5 Nxd5
21. Rxd5 f6 22. Rhd1 Nf7 23. Ne2 b5 24. Ng3 Re8 25. Qf3 Qa5 26. Kb1 Rac8 27.
Nf5 Ng5 28. Qd3 Nxe4 29. Nxd6 Nxd6 30. Rxd6 Qc7 31. Rd7 Qc6 32. Qd5+ Qxd5 33.
R7xd5 Re2 34. R5d2 Rce8 35. c3 Kf7 36. Kc2 Kg6 37. Kd3 R2e3+ 38. Kd4 R3e5 39.
c4 Re3 40. Rd3 R8e4+ 41. Kc3 Re2 42. R1d2 Re1 43. Kb4 Rc1 44. Rc3 Rb1 45. Ka5
Ra1+ 46. Kb4 Re5 47. c5 Re4+ 48. Rc4 bxc4 49. bxc4 Re8 50. Kc3 Rc1+ 51. Rc2
Re3+ 52. Kd2 Rxc2+ 53. Kxc2 Kf5 54. b4 Re2+ 55. Kd3 Rxg2 56. b5 Rg3+ 57. Kd4
Ke6 58. b6 Rb3 59. h4 g5 60. h5 g4 61. h6 g3 62. c6 g2 {postalex resigns} 0-1

[Event "ICS rated blitz match"]
[Site "204.178.125.65"]
[Date "2001.08.16"]
[Round "?"]
[White "Hossa"]
[Black "Gervasio"]
[Result "1-0"]
[WhiteElo "2507"]
[BlackElo "2008"]
[PlyCount "57"]
[EventDate "2001.??.??"]

1. d4 d5 2. Nf3 Nf6 3. c4 e6 4. Nc3 Be7 5. Qc2 O-O 6. Bg5 b6 7. e3 Bb7 8. cxd5
exd5 9. Bd3 h6 10. Bxf6 Bxf6 11. g4 c6 12. O-O-O Nd7 13. h4 c5 14. g5 c4 15.
Bh7+ Kh8 16. gxf6 Nxf6 17. Bf5 a6 18. Ne5 b5 19. Rhg1 Qc7 20. e4 b4 21. Nxd5
Bxd5 22. exd5 Rac8 23. d6 Qb6 24. Bxc8 Rxc8 25. Nxf7+ Kg8 26. Qg6 Ne8 27. Nxh6+
Kh8 28. Qf7 Qxd6 29. Qg8# {Gervasio checkmated} 1-0

[Event "ICS rated blitz match"]
[Site "204.178.125.65"]
[Date "2001.08.16"]
[Round "?"]
[White "Gervasio"]
[Black "Hossa"]
[Result "0-1"]
[WhiteElo "2006"]
[BlackElo "2509"]
[PlyCount "70"]
[EventDate "2001.??.??"]

1. d4 Nf6 2. Nf3 e6 3. Bf4 c5 4. c3 cxd4 5. cxd4 Bb4+ 6. Nbd2 Nc6 7. a3 Be7 8.
e3 Nh5 9. Bg3 d6 10. Bd3 Bd7 11. O-O O-O 12. Qe2 Rc8 13. Rfc1 Nxg3 14. hxg3 f5
15. b4 Qe8 16. Nc4 Qh5 17. Ne1 Qh6 18. Nb2 Nxd4 19. Qd1 Nc6 20. Be2 Ne5 21.
Nbd3 Bf6 22. Nf4 Ng4 23. Bxg4 Bxa1 24. Rxa1 fxg4 25. Qxg4 Rc7 26. Qe2 Qf6 27.
Rd1 d5 28. Ned3 Bb5 29. Qd2 g5 30. Ne2 Bxd3 31. Qxd3 Qxf2+ 32. Kh2 Rf6 33. Ng1
Rh6+ 34. Nh3 g4 35. Rd2 Rxh3# {Gervasio checkmated} 0-1

[Event "ICS rated bullet match"]
[Site "204.178.125.65"]
[Date "2001.08.16"]
[Round "?"]
[White "EroeInrico"]
[Black "Hossa"]
[Result "0-1"]
[WhiteElo "2020"]
[BlackElo "2428"]
[PlyCount "74"]
[EventDate "2001.??.??"]

1. d4 Nf6 2. Nf3 e6 3. Bf4 c5 4. e3 cxd4 5. exd4 Nd5 6. Bg3 Qb6 7. b3 Bb4+ 8.
Nbd2 Bc3 9. Rb1 Bxd4 10. Nxd4 Qxd4 11. Nf3 Qb4+ 12. Qd2 Nc6 13. Qxb4 Ncxb4 14.
Kd2 Nxa2 15. c3 Naxc3 16. Rc1 Ne4+ 17. Ke1 O-O 18. Bd3 Nec3 19. Kd2 Na2 20. Rc2
Nab4 21. Rb2 Rd8 22. Bc4 d6 23. Ne5 dxe5 24. Kc1 Nf4 25. Rd1 Rxd1+ 26. Kxd1 Bd7
27. Kc1 Nbd3+ 28. Kb1 Nxb2 29. Kxb2 Bc6 30. Kc3 Bxg2 31. Kb4 Rc8 32. Bb5 a6 33.
Be8 Nd3+ 34. Ka5 Rxe8 35. Kb6 Rc8 36. Ka7 Rc3 37. Kb6 Rxb3+ {EroeInrico resigns
} 0-1